Statistics for Countries That End in -E

Click here to take the quiz!

General Stats

  • This quiz has been taken 690 times
    (665 since last reset)
  • The average score is 6 of 13

Answer Stats

Country % Correct
France
66%
Chile
64%
Belize
63%
Greece
61%
Suriname
50%
Zimbabwe
43%
Ukraine
42%
Singapore
36%
Mozambique
35%
Cape Verde
33%
Sierra Leone
32%
Sao Tome and Principe
26%
Cote d'Ivoire
25%

Score Distribution

Percentile by Number Answered

Percent of People with Each Score

Your Score History

You have not taken this quiz since the last reset